| 000 | 01737nam2a2200301 4500 | ||
|---|---|---|---|
| 001 | RU\NLR\bibl\1388518 | ||
| 005 | 20250615195914.0 | ||
| 010 |
_a978-5-88006-555-4 _9500 |
||
| 021 |
_aRU _b2009-35752 _92161 |
||
| 035 | _a(NLR Aleph) 001380572 | ||
| 090 |
_a1099395 _c1099395 |
||
| 100 | _a20090701d2008 |||y0rusy50 ca | ||
| 101 | 0 | _arus | |
| 102 | _aRU | ||
| 105 | _aa ||||||||| | ||
| 200 | 0 | _a... итоги 2007 года | |
| 210 |
_d2008 _aБ. м. |
||
| 215 |
_a118 с. _cил., карт. |
||
| 320 | _aБиблиогр. в конце докл. | ||
| 461 | 0 |
_1001RU\NLR\bibl\1812573 _12001#$aСтуденческая наука в вузе ...$v... итоги 2007 года _91797083 _cРязань _d2008 _fФедер. агентство по образованию, Гос. образоват. учреждение высш. проф. образования "Рязан. гос. ун-т им. С.А. Есенина" _nГосударственное образовательное учреждение высшего профессионального образования "Рязанский государственный университет" _oсборник научных трудов _tСтуденческая наука в вузе ... _v... итоги 2007 года |
|
| 601 | 0 | 2 |
_aРязанский государственный университет им. С.А. Есенина _jСборники _xНаучно-исследовательская работа студентов _92561538 _3RU\NLR\auth\661515242 |
| 686 | _aЧ484(2Р)711.9-Рязанский.я43 | ||
| 686 | _aЧ481.268я43 | ||
| 801 | 0 |
_aRU _bNLR _c20090701 _gRCR |
|
| 801 | 1 |
_aRU _bNLR _c20090701 |
|
| 942 | _cBOOK | ||
| 980 | _aNB | ||